000 00543nam a22001937a 4500
999 _c20361
_d20361
003 AR-CdUCM
008 190529b ||||| |||| 00| 0 spa d
040 _aMUNICIPALIDAD PROVINCIAL DEL CUSCO
_cBIBLIOTECA MUNICIPAL DEL CUSCO
082 _a869.4 /
_bSA18
100 _aSalinas Perez, Rodolfo
_942581
245 _aManantial :
_bPoemario /
260 _aOruro :
_bMazuelo,
300 _a43 páginas ;
_c23 cm.
505 _aContenido : Poemas.
650 _aLiteratura
_983
650 _aPoemas
_9929
942 _2ddc
_cLIBROS
945 _arcc